000 00332pab a2200145 454500
008 180718b1998 xxu||||| |||| 00| 0 eng d
100 _aNair, Tara
245 _aBudget - 1998-99: fails to catalyse growth
260 _c1998
300 _ap.5-6
362 _a6 Jun
650 _aBudget
773 _aYoung Indian
909 _a37841
999 _c37841
_d37841